00636nam a2200181 i 450000100060000000300090000600500170001500700030003200800410003510000330007624500750010926000490018430000270023370000230026085200320028399900170031595201220033278704ES-MaACL20230906173805.0t|041015s1966 xxu ||||1| eng d1 aHawthorne, Nathaniel.96217610aHawthorne b: a collection of critical essays / cedited by A.N. Kaul. aEnglewood Cliffs : bPrentice-Hall, c[1966] aVII, 182 p. ; c21 cm.1 aKaul, A. N.967658 aES-MaACLjC-34718 bR.66062 c78704d78704 00104070aATENEOMbATENEOMcDEPO2d2008-01-17eSCl0oC-34718p1082315r2023-02-23 00:00:00w2023-02-23yMONOGRAFIA